[Event "Montebelluna op-B 5th"]
[Site "Montebelluna"]
[Date "2007.03.11"]
[Round "5"]
[White "Giacomelli, Enzo"]
[Black "Ortega, Manuel"]
[Result "0-1"]
[WhiteElo "1676"]
[BlackElo "1440"]
[PlyCount "38"]
[EventDate "2007.03.09"]
[EventType "swiss"]
[EventRounds "5"]
[EventCountry "ITA"]
[SourceTitle "EXT 2008"]
[Source "ChessBase"]
[SourceDate "2007.11.25"]
[SourceVersion "1"]
[SourceVersionDate "2007.11.25"]
[SourceQuality "1"]

1. e4 c5 2. Nf3 Nc6 3. c3 d5 4. exd5 Qxd5 5. h3 Ne5 6. Be2 Nd3+ 7. Bxd3 Qxd3 8. Ne5 Qe4+ 9. Qe2 Qxg2 10. Qb5+ Kd8 11. Nxf7+ Kc7 12. Qxc5+ Kd7 13. Qd4+ Ke8 14. Nxh8 Qxh1+ 15. Ke2 Qxc1 16. Qf4 Be6 17. Qd4 Bd7 18. Qc4 Nh6 19. Qe4 Qxb2 0-1

[Event "Treviso TWE op-B 30th"]
[Site "Treviso"]
[Date "2006.12.09"]
[Round "3.4"]
[White "Mancin, Michele"]
[Black "Giacomelli, Enzo"]
[Result "0-1"]
[WhiteElo "1647"]
[BlackElo "1688"]
[PlyCount "40"]
[EventDate "2006.12.08"]
[EventType "swiss"]
[EventRounds "5"]
[EventCountry "ITA"]
[SourceTitle "EXT 2024"]
[Source "ChessBase"]
[SourceDate "2023.10.10"]
[SourceVersion "1"]
[SourceVersionDate "2023.10.10"]
[SourceQuality "1"]

1. e4 c5 2. Nf3 Nc6 3. d4 cxd4 4. Nxd4 Nf6 5. Nc3 d6 6. Be3 a6 7. Be2 g6 8. 0-0 Bg7 9. Kh1 0-0 10. f4 e5 11. Nf3 Be6 12. Ng5 Bc8 13. f5 h6 14. fxg6 hxg5 15. gxf7+ Kh7 16. Bc4 Kg6 17. a4 Qe7 18. Qf3 Be6 19. Qg3 Nh5 20. Qf3 Rxf7 0-1